000 00579nam a2200193Ii 4500
003 JO-AjNU
008 230605s9999||||xx |||||||||||||| ||und||
040 _aJO-AjNU
_bara
_erda
_cJO-AjNU
041 _aara
050 1 4 _aBC78.A74
100 3 _aعقيل، عقيل حسين,
_eauthor
_918040
245 0 0 _aمنطق الحوار بين الأنا والآخر
264 3 1 _aد.م: د.ن، د.ت
300 _a222ص
336 _atext
_btxt
_2rdacontent
337 _aunmediated
_bn
_2rdamedia
338 _avolume
_bnc
_2rdacarrier
650 4 _aحضارة- منطق- علم
_918041
999 _aA5695
_c9263
_d9263